000 01956nam0a2200337 4500
001 RU\NLR\BIBL_A\022428494
005 20250620161305.0
010 _a978-5-9275-4645-9
_9200
021 _aRU
_bКН-П-24-073863
_9КН-П-24-7387
035 _a(NLR Aleph) 022428494
090 _a13425542
_c13425542
100 _a20250116d2024 u y0rusy50 ca
101 0 _arus
102 _aRU
105 _aa j 000yy
181 0 _ai3
_baxxe
182 0 _an
200 1 _aТеория и методика ката киокусинкай
_eучебное пособие
_fО. Ю. Захаров
_gМинистерство науки и высшего образования Российской Федерации, Федеральное государственное автономное образовательное учреждение высшего образования "Южный федеральный университет"
203 _aТекст
_bвизуальный
_cнепосредственный
210 _aРостов-на-Дону
_aТаганрог
_cИзд-во Южного федерального университета
_d2024
215 _a148, [1] с.
_cтабл.
_d20
320 _aБиблиогр.: с. 127-129 (50 назв.)
606 1 _aКиокушинкай-каратэ (спорт.)
_jУчебные издания для высших учебных заведений
_92513876
_3RU\NLR\AUTH\6601704974
606 1 _aКиокушинкай-каратэ
_jУчебные издания для высших учебных заведений
_xТехника
_92449738
_3RU\NLR\AUTH\661456631
686 1 _aЧ517.158каратэ.я73
686 1 _aЦ4,8(5Я)361.12я73-1
700 1 _aЗахаров
_bО. Ю.
_cканд. пед. наук, спорт
_f1978-
_gОлег Юрьевич
_957175
_3RU\NLR\AUTH\7774247
942 _cBOOK
980 _aNB